Poslanie SRRS v oblasti zvyšovania úrovne a kvality profesie účtovníka v Srbsku

SRRS - je nezávislá, nezárobková organizácia, ktorá združuje profesionálnych účtovníkov zo Srbska. V súčasnosti sa sústreďuje na organizovanie profesionálneho vzdelávania a príprave svojich členov na uplatňovanie IAS/IFRS. Získanie kvalifikácie účtovníka upravuje štandard 31.

Guardado en:
Detalles Bibliográficos
Autor principal: Surový, Vladimír
Formato: Capítulo de libro
Lenguaje:eslovaco
Materias:
Etiquetas: Agregar Etiqueta
Sin Etiquetas, Sea el primero en etiquetar este registro!

MARC

LEADER 00000naa$a2200000$$$4500
001 0089302
005 20240502072010.7
041 0 |a slo 
044 |a SK 
245 1 0 |a Poslanie SRRS v oblasti zvyšovania úrovne a kvality profesie účtovníka v Srbsku  |c Vladimír Surový 
520 |a SRRS - je nezávislá, nezárobková organizácia, ktorá združuje profesionálnych účtovníkov zo Srbska. V súčasnosti sa sústreďuje na organizovanie profesionálneho vzdelávania a príprave svojich členov na uplatňovanie IAS/IFRS. Získanie kvalifikácie účtovníka upravuje štandard 31. 
610 2 0 |a účtovníctvo 
610 2 0 |a účtovníctvo medzinárodné 
610 2 0 |a účtovníci 
610 2 0 |a vzdelávanie 
610 2 0 |a Srbsko 
610 2 0 |a štandardy 
100 1 |a Surový, Vladimír